¿Quién lo hizo? - Historia - Estadísticas

Estadísticas generales
  • Esta prueba ha sido intentada 304 veces
  • La puntuación promedio es 8 de 15
Estadísticas de respuestas
Evento Ocurrió Lo hizo % Correcto
Publicó El origen de las especies 1859 Charles Darwin
84%
Casó con Fernando II de Aragón 1469 Isabel I
79%
Se autoproclamó jefe de Estado 1936 Francisco Franco
76%
Renunció al Pontificado 2013 Benedicto XVI
75%
Dijo «pienso, por lo tanto existo» 1637 René Descartes
70%
Llegó a la isla de Guanahani 1492 Cristóbal Colón
65%
Mató a Hitler 1945 Adolf Hitler
60%
Conquistó Valencia, dando inspiración para la reconquista 1094 Rodrigo Díaz
50%
Convocó el Congreso de Angostura, ocasionando la creación de Gran Colombia 1819 Simón Bolívar
45%
Ordenó los bombardeos atómicos de Hiroshima y Nagasaki 1945 Harry Truman
43%
Ordenó asesinar a su hermano para elevar a su hijo como corregente de Egipto 44 a. C. Cleopatra
36%
Se guillotinó, diciendo «Disculpe, señor, no lo hice a propósito» 1793 María Antonieta de Austria
35%
Protagonizó la marcha de la sal 1930 Mahatma Gandhi
30%
Se convirtió en la primera mujer en ocupar la jefatura de Estado en un sistema presidencial 1974 María Estela Martínez de Perón
13%
Tradujo la Biblia al latín 405 Jerónimo
9%
No se encontraron pruebas coincidentes
Distribución de puntuación
Porcentaje de gente con cada puntuación
Porcentaje por número respondido
Historial de tus puntuaciones
No has intentado esta prueba.